=LDR 00000nam 2200000 4500 =001 INLIS000000000056848 =005 20201005100046 =035 ##$$a 0010-1020000041 =007 ta =008 201005###########################0###### =082 ##$$a 636.507 =084 ##$$a 636.507 Mas k =245 ##$$a Laporan Penelitian : $b Krakterisasi marker mikrosatelit lokus CADU086B dan CMO212 pada itik lokal /$c Maskur =300 ##$$a iv, 26 halaman ; $c 28 cm =650 #4$$a Peternakan Itik - Penelitian =264 ##$$a Mataram :$b FAKULTAS PETERNAKAN UNIVERSITAS MATARAM,$c 2017 =336 ##$$a Text$2 rdacontent =337 ##$$a Laporan$2 rdamedia =338 ##$$a Lain-lain$2 rdacarrier =990 ##$$a 05420542 =990 ##$$a 209/49/2020